000 00992nam a2200241 i 4500
001 44430
003 ES-MaACL
005 20250811030341.0
007 t|
008 030321s1961 sp ||||1| spa d
245 0 0 _aCódigo civil /
_cPedro de Apalategui y Ocejo (Quintus Mucius Scaevola, sed).
260 _aMadrid :
_bReus,
_c1961.
300 _a2 t. en 3 v. ;
_c21 cm.
505 8 _aContiene: XXXI. Comentado y concordado, redactado por Pascual Marín Pérez y José Mª Álvarez de Miranda y Torres - XXXII. Redactado por José María Reyes Monterreal, 2 v., publ. en 1965
610 1 4 _aEspaña.
_tCódigo civil, 1889
_93628
650 0 4 _aDerecho civil-
_zEspaña-
_vLegislación
_911663
700 1 _aApalategui y Ocejo, Pedro de.
_922036
700 1 _aMarín Pérez, Pascual,
_d1917-1991
_976809
700 1 _aAlvarez de Miranda y Torres, José María.
_920770
700 1 _aMonterreal, José María.
_982546
852 _aES-MaACL
_jE-4180-82
999 _c44430
_d44430